[Event "LUX-chABC"]
[Site "Dudelange"]
[Date "1997.04.02"]
[Round "5.25"]
[White "Wealer, Henri"]
[Black "Klein, Ingo"]
[Result "1-0"]
[WhiteElo "1655"]
[BlackElo "1800"]
[PlyCount "79"]
[EventDate "1997.03.29"]
[EventType "swiss"]
[EventRounds "9"]
[EventCountry "LUX"]
[SourceTitle "EXT 2013"]
[Source "ChessBase"]
[SourceDate "2012.11.22"]
[SourceVersion "1"]
[SourceVersionDate "2012.11.22"]
[SourceQuality "1"]

1. e4 e5 2. f4 exf4 3. Nf3 d6 4. Bc4 Be6 5. Bxe6 fxe6 6. d4 h6 7. Bxf4 g5 8. Bg3 Nc6 9. 0-0 Qd7 10. d5 Nce7 11. Nd4 0-0-0 12. Nxe6 Ng6 13. Nxd8 Qxd8 14. Qg4+ Kb8 15. Nc3 Bg7 16. Rf7 Bd4+ 17. Kh1 Nf6 18. Qf5 Nf8 19. Rf1 N8d7 20. Nb5 Bxb2 21. Rb1 Be5 22. Bxe5 dxe5 23. c4 a6 24. Nc3 g4 25. c5 Qe8 26. Rxf6 Nxf6 27. Qxf6 Rf8 28. Qh4 Qf7 29. Qe1 g3 30. hxg3 Ka7 31. Kg1 Qg6 32. Qe3 Ka8 33. Ne2 Rd8 34. Qb3 Rb8 35. c6 b6 36. Qd3 Ka7 37. a4 Rd8 38. Qe3 Rxd5 39. exd5 Qxb1+ 40. Kh2 1-0

[Event "LUX-chABC"]
[Site "Dudelange"]
[Date "1997.03.30"]
[Round "2.14"]
[White "Goerens, Jean Paul"]
[Black "Klein, Ingo"]
[Result "1-0"]
[WhiteElo "2045"]
[BlackElo "1800"]
[PlyCount "91"]
[EventDate "1997.03.29"]
[EventType "swiss"]
[EventRounds "9"]
[EventCountry "LUX"]
[SourceTitle "EXT 2013"]
[Source "ChessBase"]
[SourceDate "2012.11.22"]
[SourceVersion "1"]
[SourceVersionDate "2012.11.22"]
[SourceQuality "1"]

1. d4 Nf6 2. Nf3 d5 3. e3 g6 4. b3 Bg7 5. Bb2 Bg4 6. Nbd2 c6 7. h3 Bf5 8. g4 Be4 9. Nxe4 Nxe4 10. Bd3 Qa5+ 11. c3 h5 12. g5 Nd6 13. Qc2 Nd7 14. 0-0 Qc7 15. c4 e6 16. Rac1 0-0 17. cxd5 exd5 18. Ne5 Nxe5 19. dxe5 Nc8 20. f4 Qd7 21. Kg2 Re8 22. Rfd1 Ne7 23. Ba3 Nf5 24. Qf2 Rad8 25. Bb1 Qe6 26. e4 dxe4 27. Bxe4 Rxd1 28. Rxd1 b6 29. Qd2 Bf8 30. Bxf8 Rxf8 31. Qd3 Nh4+ 32. Kg3 Nf5+ 33. Bxf5 gxf5 34. Qd6 Rc8 35. Qxe6 fxe6 36. Rd7 a5 37. Kh4 b5 38. Kxh5 a4 39. Kg6 axb3 40. axb3 c5 41. Kf6 c4 42. bxc4 bxc4 43. Kxe6 c3 44. Rd1 c2 45. Rc1 Rc4 46. Kxf5 1-0